000 00439nam a2200157 i 4500
001 75888
003 ES-MaACL
005 20230906172636.0
007 t|
008 040928s1926 gw ||||1| ger d
100 1 _aGrimm, Hans.
_960057
245 1 0 _aVolk ohne Raum /
_cHans Grimm.
260 _aMünchen :
_bAlber Langen,
_c1926 (
_eRegensburg :
_fFriedrich Puster)
300 _a2 t. ;
_c21 cm.
852 _aES-MaACL
_jB-12275-76
_bR.20100
999 _c75888
_d75888